| 000 | 00425nam a22001451a 4500 | ||
|---|---|---|---|
| 020 | _a9781851688593 | ||
| 082 |
_a109.2 _bJAM/P |
||
| 100 | _aJames Miller | ||
| 245 |
_aThe philosophical life: _btwelve great thinkers and the search for wisdom from Socrates to Nietzsche/ _cby James Miller |
||
| 260 |
_aOxford: _bOneworld, _c2011. |
||
| 300 | _a422p. | ||
| 650 | _aBiography Philosopher | ||
| 650 | _aPhilosophy | ||
| 942 | _cBK | ||
| 999 |
_c34345 _d34345 |
||